[Event "British Rapidplay Championship 2023"]
[Site "Mercure Bradford, Bankfield Hotel"]
[Date "2023.04.16"]
[Round "7.2"]
[White "Jackson, Sheila"]
[Black "Graff, Ben"]
[Result "0-1"]
[TimeControl "All moves in 15 minutes plus 10 second increment per move from move 1"]
[WhiteElo "2055"]
[BlackElo "1658"]

1. e4 {[%clk 00:15:19]} e6 {[%clk 00:15:19]} {[%emt 00:00:02]} 2. d4 {[%clk
00:15:27]} {[%emt 00:00:02]} d5 {[%clk 00:15:28]} {[%emt 00:00:01]} 3. Nd2
{[%clk 00:15:35]} {[%emt 00:00:02]} dxe4 {[%clk 00:15:36]} {[%emt 00:00:02]} 4.
Nxe4 {[%clk 00:15:45]} Bd7 {[%clk 00:15:44]} {[%emt 00:00:02]} 5. Bd3 {[%clk
00:15:29]} {[%emt 00:00:25]} Bc6 {[%clk 00:15:52]} {[%emt 00:00:02]} 6. Nf3
{[%clk 00:15:36]} {[%emt 00:00:04]} Nd7 {[%clk 00:15:52]} {[%emt 00:00:09]} 7.
c3 {[%clk 00:15:39]} {[%emt 00:00:07]} Ngf6 {[%clk 00:15:56]} {[%emt 00:00:06]}
8. Bg5 {[%clk 00:15:09]} {[%emt 00:00:40]} Be7 {[%clk 00:16:01]} {[%emt
00:00:04]} 9. Ng3 {[%clk 00:14:47]} {[%emt 00:00:32]} Bxf3 {[%clk 00:15:30]}
{[%emt 00:00:42]} 10. Qxf3 {[%clk 00:14:53]} {[%emt 00:00:04]} c6 {[%clk
00:15:36]} {[%emt 00:00:04]} 11. O-O {[%clk 00:14:51]} {[%emt 00:00:12]} Qa5
{[%clk 00:14:57]} {[%emt 00:00:49]} 12. Bd2 {[%clk 00:14:20]} {[%emt 00:00:41]}
Qd5 {[%clk 00:13:15]} {[%emt 00:01:51]} 13. Qe2 {[%clk 00:14:11]} {[%emt
00:00:20]} Nb6 {[%clk 00:12:21]} {[%emt 00:01:04]} 14. Rfe1 {[%clk 00:14:12]}
{[%emt 00:00:09]} O-O-O {[%clk 00:11:03]} {[%emt 00:01:27]} 15. b4 {[%clk
00:13:33]} {[%emt 00:00:51]} Rhe8 {[%clk 00:09:58]} {[%emt 00:01:14]} 16. Be3
{[%clk 00:12:21]} {[%emt 00:01:22]} Qd7 {[%clk 00:09:25]} {[%emt 00:00:43]} 17.
a4 {[%clk 00:10:20]} {[%emt 00:02:11]} Nbd5 {[%clk 00:07:55]} {[%emt 00:01:40]}
18. Rec1 {[%clk 00:08:08]} {[%emt 00:02:22]} Nxe3 {[%clk 00:07:45]} {[%emt
00:00:20]} 19. fxe3 {[%clk 00:08:05]} {[%emt 00:00:13]} Bd6 {[%clk 00:07:19]}
{[%emt 00:00:36]} 20. Qf3 {[%clk 00:07:44]} {[%emt 00:00:31]} Qc7 {[%clk
00:07:10]} {[%emt 00:00:19]} 21. Nf1 {[%clk 00:07:43]} {[%emt 00:00:11]} e5
{[%clk 00:07:03]} {[%emt 00:00:18]} 22. Bf5+ {[%clk 00:07:39]} {[%emt
00:00:14]} Kb8 {[%clk 00:06:52]} {[%emt 00:00:21]} 23. b5 {[%clk 00:07:18]}
{[%emt 00:00:31]} c5 {[%clk 00:06:46]} {[%emt 00:00:15]} 24. a5 {[%clk
00:07:00]} {[%emt 00:00:28]} e4 {[%clk 00:06:03]} {[%emt 00:00:53]} 25. Qe2
{[%clk 00:07:04]} {[%emt 00:00:06]} g6 {[%clk 00:05:32]} {[%emt 00:00:41]} 26.
Bh3 {[%clk 00:07:09]} {[%emt 00:00:05]} Nd5 {[%clk 00:04:33]} {[%emt 00:01:09]}
27. Qc4 {[%clk 00:05:52]} {[%emt 00:01:27]} f5 {[%clk 00:03:45]} {[%emt
00:00:58]} 28. g3 {[%clk 00:05:52]} {[%emt 00:00:10]} Nf6 {[%clk 00:02:51]}
{[%emt 00:01:03]} 29. Qb3 {[%clk 00:02:57]} {[%emt 00:03:06]} c4 {[%clk
00:02:43]} {[%emt 00:00:18]} 30. Qb2 {[%clk 00:02:30]} {[%emt 00:00:37]} Nd5
{[%clk 00:02:25]} {[%emt 00:00:27]} 31. Qe2 {[%clk 00:02:21]} {[%emt 00:00:20]}
h5 {[%clk 00:02:03]} {[%emt 00:00:32]} 32. Nd2 {[%clk 00:02:12]} {[%emt
00:00:19]} Rc8 {[%clk 00:01:50]} {[%emt 00:00:23]} 33. Bf1 {[%clk 00:02:16]}
{[%emt 00:00:07]} h4 {[%clk 00:01:47]} {[%emt 00:00:13]} 34. gxh4 {[%clk
00:01:49]} {[%emt 00:00:36]} Rh8 {[%clk 00:01:31]} {[%emt 00:00:25]} 35. Nxc4
{[%clk 00:01:46]} {[%emt 00:00:14]} Rxh4 {[%clk 00:01:26]} {[%emt 00:00:15]} 36.
Nxd6 {[%clk 00:01:53]} {[%emt 00:00:04]} Qxd6 {[%clk 00:01:31]} {[%emt
00:00:04]} 37. c4 {[%clk 00:01:56]} {[%emt 00:00:08]} Nxe3 {[%clk 00:01:22]}
{[%emt 00:00:18]} 38. Qf2 {[%clk 00:00:33]} {[%emt 00:01:33]} Rch8 {[%clk
00:01:18]} {[%emt 00:00:14]} 39. h3 {[%clk 00:00:23]} {[%emt 00:00:20]} Nxf1
{[%clk 00:01:10]} {[%emt 00:00:17]} 40. Rxf1 {[%clk 00:00:32]} {[%emt
00:00:02]} Rxh3 {[%clk 00:01:17]} {[%emt 00:00:04]} 41. Qg2 {[%clk 00:00:12]}
{[%emt 00:00:29]} Qxd4+ {[%clk 00:01:18]} {[%emt 00:00:09]} 42. Rf2 {[%clk
00:00:20]} {[%emt 00:00:03]} Qxa1+ {[%clk 00:01:12]} {[%emt 00:00:04]} 0-1

[Event "British Rapidplay Championship 2023"]
[Site "Mercure Bradford, Bankfield Hotel"]
[Date "2023.04.16"]
[Round "7.3"]
[White "Vijayakumar, Rishi"]
[Black "Raynes, Paul"]
[Result "1-0"]
[TimeControl "All moves in 15 minutes plus 10 second increment per move from move 1"]
[WhiteElo "1770"]
[BlackElo "2077"]

1. d4 {[%clk 00:15:17]} {[%emt 00:00:02]} Nf6 {[%clk 00:15:18]} {[%emt
00:00:03]} 2. c4 {[%clk 00:15:26]} {[%emt 00:00:01]} Nc6 {[%clk 00:15:25]}
{[%emt 00:00:03]} 3. Nc3 {[%clk 00:15:35]} {[%emt 00:00:02]} e5 {[%clk
00:15:23]} {[%emt 00:00:12]} 4. d5 {[%clk 00:15:43]} {[%emt 00:00:01]} Ne7
{[%clk 00:15:21]} {[%emt 00:00:12]} 5. e4 {[%clk 00:15:51]} {[%emt 00:00:02]}
Ng6 {[%clk 00:15:27]} {[%emt 00:00:04]} 6. Be3 {[%clk 00:16:00]} {[%emt
00:00:02]} Bb4 {[%clk 00:15:23]} {[%emt 00:00:14]} 7. f3 {[%clk 00:16:08]}
{[%emt 00:00:02]} Bxc3+ {[%clk 00:15:26]} {[%emt 00:00:06]} 8. bxc3 {[%clk
00:16:16]} {[%emt 00:00:02]} d6 {[%clk 00:15:31]} {[%emt 00:00:05]} 9. Qd2
{[%clk 00:16:23]} {[%emt 00:00:04]} b6 {[%clk 00:15:02]} {[%emt 00:00:38]} 10.
h4 {[%clk 00:15:24]} {[%emt 00:01:09]} h6 {[%clk 00:13:57]} {[%emt 00:01:15]}
11. Ne2 {[%clk 00:14:34]} {[%emt 00:01:00]} Nd7 {[%clk 00:13:21]} {[%emt
00:00:46]} 12. h5 {[%clk 00:14:12]} {[%emt 00:00:32]} Ne7 {[%clk 00:12:22]}
{[%emt 00:01:09]} 13. g4 {[%clk 00:14:04]} {[%emt 00:00:18]} Nc5 {[%clk
00:12:10]} {[%emt 00:00:22]} 14. Ng3 {[%clk 00:13:20]} {[%emt 00:00:54]} Ba6
{[%clk 00:10:54]} {[%emt 00:01:26]} 15. Be2 {[%clk 00:11:31]} {[%emt 00:01:59]}
Qd7 {[%clk 00:10:45]} {[%emt 00:00:20]} 16. Qc2 {[%clk 00:10:13]} {[%emt
00:01:28]} Qa4 {[%clk 00:09:25]} {[%emt 00:01:29]} 17. Kd2 {[%clk 00:08:50]}
{[%emt 00:01:33]} O-O-O {[%clk 00:08:25]} {[%emt 00:01:10]} 18. Rhb1 {[%clk
00:07:27]} {[%emt 00:01:33]} g5 {[%clk 00:06:57]} {[%emt 00:01:38]} 19. Qc1
{[%clk 00:06:57]} {[%emt 00:00:40]} f6 {[%clk 00:05:18]} {[%emt 00:01:49]} 20.
Rb4 {[%clk 00:06:18]} {[%emt 00:00:50]} Qd7 {[%clk 00:05:18]} {[%emt 00:00:09]}
21. a4 {[%clk 00:06:21]} {[%emt 00:00:08]} Nb7 {[%clk 00:04:29]} {[%emt
00:00:59]} 22. a5 {[%clk 00:04:43]} {[%emt 00:01:48]} Nxa5 {[%clk 00:04:01]}
{[%emt 00:00:38]} 23. Qb2 {[%clk 00:04:17]} {[%emt 00:00:35]} c5 {[%clk
00:03:11]} {[%emt 00:01:01]} 24. Rxa5 {[%clk 00:03:28]} {[%emt 00:00:58]} bxa5
{[%clk 00:03:19]} {[%emt 00:00:02]} 25. Rb3 {[%clk 00:01:55]} {[%emt 00:01:43]}
Qc7 {[%clk 00:03:14]} {[%emt 00:00:14]} 26. Qa2 {[%clk 00:01:31]} {[%emt
00:00:18]} Rdf8 {[%clk 00:02:28]} {[%emt 00:01:13]} 27. Ra3 {[%clk 00:01:29]}
{[%emt 00:00:13]} Kd7 {[%clk 00:01:24]} {[%emt 00:01:14]} 28. Rxa5 {[%clk
00:01:31]} {[%emt 00:00:08]} Nc8 {[%clk 00:01:10]} {[%emt 00:00:23]} 29. Rxa6
{[%clk 00:01:30]} {[%emt 00:00:11]} Qb7 {[%clk 00:01:00]} {[%emt 00:00:21]} 30.
Nf5 {[%clk 00:01:11]} {[%emt 00:00:28]} Rd8 {[%clk 00:00:48]} {[%emt 00:00:22]}
31. Qa4+ {[%clk 00:01:19]} {[%emt 00:00:03]} Kc7 {[%clk 00:00:51]} {[%emt
00:00:07]} 32. Qa3 {[%clk 00:00:47]} {[%emt 00:00:41]} Kb8 {[%clk 00:00:55]}
{[%emt 00:00:07]} 33. Ra5 {[%clk 00:00:48]} {[%emt 00:00:09]} Rh7 {[%clk
00:00:57]} {[%emt 00:00:07]} 34. Rb5 {[%clk 00:00:54]} {[%emt 00:00:04]} Nb6
{[%clk 00:01:05]} {[%emt 00:00:02]} 35. Nxd6 {[%clk 00:00:33]} {[%emt
00:00:31]} Rxd6 {[%clk 00:01:12]} {[%emt 00:00:03]} 36. Bxc5 {[%clk 00:00:42]}
{[%emt 00:00:01]} Rd8 {[%clk 00:01:05]} {[%emt 00:00:18]} 37. Qb3 {[%clk
00:00:42]} {[%emt 00:00:10]} Rc8 {[%clk 00:00:53]} {[%emt 00:00:22]} 38. Bxb6
{[%clk 00:00:47]} {[%emt 00:00:04]} axb6 {[%clk 00:01:02]} {[%emt 00:00:01]} 39.
Rxb6 {[%clk 00:00:55]} {[%emt 00:00:02]} Qxb6 {[%clk 00:00:57]} {[%emt
00:00:16]} 40. Qxb6+ {[%clk 00:01:03]} {[%emt 00:00:02]} Rb7 {[%clk 00:01:06]}
{[%emt 00:00:01]} 41. Qd6+ {[%clk 00:01:07]} {[%emt 00:00:06]} Ka8 {[%clk
00:01:15]} 42. Qxf6 {[%clk 00:01:08]} {[%emt 00:00:08]} Rcb8 {[%clk 00:00:52]}
{[%emt 00:00:33]} 43. Qa6+ {[%clk 00:01:03]} {[%emt 00:00:16]} Ra7 {[%clk
00:01:01]} 44. Qc6+ {[%clk 00:01:12]} {[%emt 00:00:01]} Rab7 {[%clk 00:01:09]}
{[%emt 00:00:02]} 45. c5 {[%clk 00:01:15]} {[%emt 00:00:06]} Ka7 {[%clk
00:01:14]} {[%emt 00:00:05]} 46. Qa6# {[%clk 00:01:11]} {[%emt 00:00:01]} 1-0

[Event "British Rapidplay Championship 2023"]
[Site "Mercure Bradford, Bankfield Hotel"]
[Date "2023.04.16"]
[Round "7.4"]
[White "Sisupalan, Beni"]
[Black "Pink, Joshua"]
[Result "0-1"]
[TimeControl "All moves in 15 minutes plus 10 second increment per move from move 1"]
[WhiteElo "1497"]
[BlackElo "1988"]

1. e4 {[%clk 00:15:19]} {[%emt 00:00:01]} d6 {[%clk 00:15:04]} {[%emt
00:00:16]} 2. d4 {[%clk 00:15:27]} {[%emt 00:00:02]} f5 {[%clk 00:15:13]}
{[%emt 00:00:02]} 3. Bd3 {[%clk 00:14:54]} {[%emt 00:00:42]} fxe4 {[%clk
00:15:21]} {[%emt 00:00:03]} 4. Bxe4 {[%clk 00:15:02]} {[%emt 00:00:01]} Nf6
{[%clk 00:15:30]} {[%emt 00:00:01]} 5. Bd3 {[%clk 00:15:09]} {[%emt 00:00:03]}
g6 {[%clk 00:15:38]} {[%emt 00:00:02]} 6. Nf3 {[%clk 00:15:13]} {[%emt
00:00:06]} Bg7 {[%clk 00:15:47]} {[%emt 00:00:01]} 7. c3 {[%clk 00:15:12]}
{[%emt 00:00:11]} O-O {[%clk 00:15:54]} {[%emt 00:00:03]} 8. O-O {[%clk
00:15:17]} {[%emt 00:00:05]} Nc6 {[%clk 00:16:02]} {[%emt 00:00:03]} 9. Be3
{[%clk 00:14:35]} {[%emt 00:00:51]} Bg4 {[%clk 00:16:10]} {[%emt 00:00:02]} 10.
Nbd2 {[%clk 00:14:31]} {[%emt 00:00:14]} e5 {[%clk 00:16:19]} {[%emt 00:00:02]}
11. dxe5 {[%clk 00:12:43]} {[%emt 00:01:57]} Nxe5 {[%clk 00:16:25]} {[%emt
00:00:04]} 12. Be2 {[%clk 00:12:11]} {[%emt 00:00:41]} Nd5 {[%clk 00:15:48]}
{[%emt 00:00:48]} 13. h3 {[%clk 00:10:38]} {[%emt 00:01:43]} Nxe3 {[%clk
00:15:41]} {[%emt 00:00:17]} 14. fxe3 {[%clk 00:09:53]} {[%emt 00:00:54]} Be6
{[%clk 00:15:48]} {[%emt 00:00:04]} 15. Nxe5 {[%clk 00:09:37]} {[%emt
00:00:26]} Bxe5 {[%clk 00:15:52]} {[%emt 00:00:06]} 16. Nf3 {[%clk 00:08:47]}
{[%emt 00:01:00]} Bg7 {[%clk 00:15:49]} {[%emt 00:00:13]} 17. Nd4 {[%clk
00:08:09]} {[%emt 00:00:49]} Bf7 {[%clk 00:15:57]} 18. Bg4 {[%clk 00:08:02]}
{[%emt 00:00:16]} Qe7 {[%clk 00:15:36]} {[%emt 00:00:32]} 19. Qd3 {[%clk
00:07:30]} {[%emt 00:00:42]} Rae8 {[%clk 00:14:49]} {[%emt 00:00:55]} 20. Rae1
{[%clk 00:06:58]} {[%emt 00:00:43]} Qe4 {[%clk 00:14:07]} {[%emt 00:00:53]} 21.
Qd2 {[%clk 00:05:53]} {[%emt 00:01:15]} Bc4 {[%clk 00:13:50]} {[%emt 00:00:27]}
22. Rxf8+ {[%clk 00:05:41]} {[%emt 00:00:22]} Rxf8 {[%clk 00:13:57]} {[%emt
00:00:03]} 23. Bf3 {[%clk 00:05:35]} {[%emt 00:00:15]} Qe7 {[%clk 00:13:49]}
{[%emt 00:00:19]} 24. b3 {[%clk 00:05:13]} {[%emt 00:00:32]} Bf7 {[%clk
00:13:46]} {[%emt 00:00:12]} 25. Bxb7 {[%clk 00:05:04]} {[%emt 00:00:19]} c5
{[%clk 00:13:29]} {[%emt 00:00:27]} 26. Bf3 {[%clk 00:03:32]} {[%emt 00:01:42]}
cxd4 {[%clk 00:13:36]} {[%emt 00:00:03]} 27. exd4 {[%clk 00:03:40]} {[%emt
00:00:03]} Qf6 {[%clk 00:13:35]} {[%emt 00:00:11]} 28. Qd3 {[%clk 00:03:34]}
{[%emt 00:00:16]} Re8 {[%clk 00:13:30]} {[%emt 00:00:15]} 29. Rf1 {[%clk
00:03:34]} {[%emt 00:00:10]} Qe7 {[%clk 00:13:37]} {[%emt 00:00:02]} 30. Kh2
{[%clk 00:03:22]} {[%emt 00:00:23]} Bh6 {[%clk 00:13:26]} {[%emt 00:00:20]} 31.
Rf2 {[%clk 00:02:45]} {[%emt 00:00:48]} Qe3 {[%clk 00:13:25]} {[%emt 00:00:11]}
32. Qc2 {[%clk 00:02:49]} {[%emt 00:00:06]} Qf4+ {[%clk 00:13:04]} {[%emt
00:00:30]} 33. g3 {[%clk 00:02:42]} {[%emt 00:00:18]} Qc1 {[%clk 00:13:11]}
{[%emt 00:00:03]} 34. Qd3 {[%clk 00:02:40]} {[%emt 00:00:12]} Qe1 {[%clk
00:12:42]} {[%emt 00:00:39]} 35. Re2 {[%clk 00:02:05]} {[%emt 00:00:45]} Rxe2+
{[%clk 00:12:48]} {[%emt 00:00:04]} 36. Bxe2 {[%clk 00:02:10]} {[%emt
00:00:05]} Qf2+ {[%clk 00:12:46]} {[%emt 00:00:12]} 37. Kh1 {[%clk 00:02:12]}
{[%emt 00:00:07]} Bd5+ {[%clk 00:12:55]} {[%emt 00:00:02]} 38. Bf3 {[%clk
00:02:13]} {[%emt 00:00:09]} Bxf3+ {[%clk 00:13:02]} {[%emt 00:00:03]} 39. Qxf3
{[%clk 00:02:20]} {[%emt 00:00:03]} Qxf3+ {[%clk 00:13:10]} {[%emt 00:00:02]}
40. Kh2 {[%clk 00:02:28]} {[%emt 00:00:01]} Be3 {[%clk 00:13:18]} {[%emt
00:00:02]} 41. g4 {[%clk 00:02:36]} {[%emt 00:00:03]} Qf2+ {[%clk 00:13:26]}
{[%emt 00:00:01]} 42. Kh1 {[%clk 00:02:44]} {[%emt 00:00:02]} Qg1# {[%clk
00:13:21]} {[%emt 00:00:02]} 0-1

[Event "British Rapidplay Championship 2023"]
[Site "Mercure Bradford, Bankfield Hotel"]
[Date "2023.04.16"]
[Round "7.5"]
[White "Hall, James"]
[Black "Keerthi Kumar, Advait"]
[Result "1-0"]
[TimeControl "All moves in 15 minutes plus 10 second increment per move from move 1"]
[WhiteElo "1980"]
[BlackElo "1455"]

1. d4 {[%clk 00:15:11]} {[%emt 00:00:09]} Nf6 {[%clk 00:15:20]} {[%emt
00:00:01]} 2. Nc3 {[%clk 00:15:19]} {[%emt 00:00:02]} g6 {[%clk 00:15:29]} 3.
e4 {[%clk 00:15:28]} {[%emt 00:00:02]} d6 {[%clk 00:15:38]} 4. Bg5 {[%clk
00:15:36]} {[%emt 00:00:02]} Bg7 {[%clk 00:15:48]} 5. e5 {[%clk 00:15:45]} Nfd7
{[%emt 00:04:01]} 6. exd6 {[%emt 00:00:02]} cxd6 {[%clk 00:11:54]} {[%emt
00:00:01]} 7. Qd2 {[%clk 00:15:51]} {[%emt 00:00:04]} O-O {[%clk 00:11:51]}
{[%emt 00:00:12]} 8. h4 {[%clk 00:15:07]} {[%emt 00:00:54]} Nf6 {[%clk
00:11:42]} {[%emt 00:00:19]} 9. h5 {[%clk 00:13:18]} {[%emt 00:01:59]} Nxh5
{[%clk 00:11:50]} {[%emt 00:00:02]} 10. Be2 {[%clk 00:13:15]} {[%emt 00:00:12]}
Nf6 {[%clk 00:11:39]} {[%emt 00:00:19]} 11. Bh6 {[%clk 00:11:07]} {[%emt
00:02:21]} Qb6 {[%clk 00:09:46]} {[%emt 00:02:01]} 12. O-O-O {[%clk 00:09:18]}
{[%emt 00:02:01]} Qa5 {[%clk 00:08:43]} {[%emt 00:01:11]} 13. g4 {[%clk
00:06:51]} {[%emt 00:02:39]} Bxg4 {[%clk 00:02:04]} {[%emt 00:06:50]} 14. Bxg7
{[%clk 00:06:22]} {[%emt 00:00:38]} Kxg7 {[%clk 00:01:50]} {[%emt 00:00:24]} 15.
Qh6+ {[%clk 00:06:27]} {[%emt 00:00:04]} Kg8 {[%clk 00:01:58]} {[%emt
00:00:02]} 16. Bxg4 {[%clk 00:06:26]} {[%emt 00:00:11]} Na6 {[%clk 00:01:02]}
{[%emt 00:01:07]} 17. Ne4 {[%clk 00:06:09]} {[%emt 00:00:27]} Nh5 {[%clk
00:00:19]} {[%emt 00:00:54]} 18. Rxh5 {[%clk 00:05:17]} {[%emt 00:01:01]} gxh5
{[%clk 00:00:15]} {[%emt 00:00:13]} 19. Ng5 {[%clk 00:05:21]} {[%emt 00:00:06]}
Qxg5+ {[%clk 00:00:21]} {[%emt 00:00:05]} 20. Qxg5+ {[%clk 00:05:27]} {[%emt
00:00:04]} Kh8 {[%clk 00:00:29]} {[%emt 00:00:02]} 1-0

[Event "British Rapidplay Championship 2023"]
[Site "Mercure Bradford, Bankfield Hotel"]
[Date "2023.04.16"]
[Round "7.6"]
[White "Bak, Andrew"]
[Black "Bastow, Mark A"]
[Result "1-0"]
[TimeControl "All moves in 15 minutes plus 10 second increment per move from move 1"]
[WhiteElo "1959"]
[BlackElo "1739"]

1. e4 {[%clk 00:15:18]} {[%emt 00:00:02]} c6 {[%clk 00:15:15]} {[%emt
00:00:06]} 2. d4 {[%clk 00:15:26]} {[%emt 00:00:02]} d5 {[%clk 00:15:24]}
{[%emt 00:00:01]} 3. e5 {[%clk 00:15:34]} {[%emt 00:00:02]} Bf5 {[%clk
00:15:25]} {[%emt 00:00:08]} 4. h4 {[%clk 00:15:42]} {[%emt 00:00:02]} h5
{[%clk 00:15:16]} {[%emt 00:00:20]} 5. Bg5 {[%clk 00:15:46]} {[%emt 00:00:05]}
Qb6 {[%clk 00:14:27]} {[%emt 00:01:00]} 6. Bd3 {[%clk 00:15:49]} {[%emt
00:00:06]} Bxd3 {[%clk 00:13:23]} {[%emt 00:01:14]} 7. Qxd3 {[%clk 00:15:56]}
{[%emt 00:00:03]} Qxb2 {[%clk 00:13:17]} {[%emt 00:00:17]} 8. e6 {[%clk
00:16:01]} {[%emt 00:00:04]} Qxa1 {[%clk 00:10:38]} {[%emt 00:02:50]} 9. Qb3
{[%clk 00:16:08]} {[%emt 00:00:03]} Qxd4 {[%clk 00:09:03]} {[%emt 00:01:44]} 10.
Qxb7 {[%clk 00:16:10]} {[%emt 00:00:09]} Qe5+ {[%clk 00:07:29]} {[%emt
00:01:44]} 11. Ne2 {[%clk 00:16:17]} {[%emt 00:00:03]} Qxe6 {[%clk 00:07:36]}
{[%emt 00:00:03]} 12. Qxa8 {[%clk 00:16:22]} {[%emt 00:00:05]} Qc8 {[%clk
00:07:30]} {[%emt 00:00:14]} 13. Bf4 {[%clk 00:16:23]} {[%emt 00:01:36]} 1-0

[Event "British Rapidplay Championship 2023"]
[Site "Mercure Bradford, Bankfield Hotel"]
[Date "2023.04.16"]
[Round "7.7"]
[White "Lloyd, Stephen M"]
[Black "Zhao, George"]
[Result "1-0"]
[TimeControl "All moves in 15 minutes plus 10 second increment per move from move 1"]
[WhiteElo "1579"]
[BlackElo "1959"]

1. d4 {[%clk 00:14:54]} {[%emt 00:00:25]} e6 {[%clk 00:15:19]} {[%emt
00:00:01]} 2. Nf3 {[%clk 00:15:01]} {[%emt 00:00:03]} c5 {[%clk 00:15:26]}
{[%emt 00:00:04]} 3. e3 {[%clk 00:15:10]} {[%emt 00:00:01]} Nc6 {[%clk
00:15:30]} {[%emt 00:00:06]} 4. Bd3 {[%clk 00:15:17]} {[%emt 00:00:03]} Nf6
{[%clk 00:15:30]} {[%emt 00:00:10]} 5. O-O {[%clk 00:15:14]} {[%emt 00:00:12]}
d5 {[%clk 00:15:38]} {[%emt 00:00:02]} 6. b3 {[%clk 00:15:17]} {[%emt
00:00:07]} cxd4 {[%clk 00:15:37]} {[%emt 00:00:11]} 7. exd4 {[%clk 00:15:24]}
{[%emt 00:00:03]} Bd6 {[%clk 00:15:33]} {[%emt 00:00:15]} 8. Bb2 {[%clk
00:15:17]} {[%emt 00:00:16]} O-O {[%clk 00:15:38]} {[%emt 00:00:05]} 9. Nbd2
{[%clk 00:15:22]} {[%emt 00:00:06]} a6 {[%clk 00:15:34]} {[%emt 00:00:14]} 10.
a3 {[%clk 00:15:01]} {[%emt 00:00:31]} Qc7 {[%clk 00:14:41]} {[%emt 00:01:02]}
11. c4 {[%clk 00:14:41]} {[%emt 00:00:30]} Bd7 {[%clk 00:14:21]} {[%emt
00:00:30]} 12. Re1 {[%clk 00:14:22]} {[%emt 00:00:29]} Rfe8 {[%clk 00:13:06]}
{[%emt 00:01:25]} 13. Ne5 {[%clk 00:13:52]} {[%emt 00:00:40]} Rac8 {[%clk
00:11:29]} {[%emt 00:01:47]} 14. Ndf3 {[%clk 00:12:01]} {[%emt 00:02:01]} h6
{[%clk 00:10:20]} {[%emt 00:01:19]} 15. Rc1 {[%clk 00:09:58]} {[%emt 00:02:13]}
Qd8 {[%clk 00:08:28]} {[%emt 00:02:02]} 16. Nxd7 {[%clk 00:07:29]} {[%emt
00:02:39]} Nxd7 {[%clk 00:07:24]} {[%emt 00:01:14]} 17. Ne5 {[%clk 00:07:32]}
{[%emt 00:00:08]} Bxe5 {[%clk 00:07:03]} {[%emt 00:00:31]} 18. dxe5 {[%clk
00:07:35]} {[%emt 00:00:06]} Nc5 {[%clk 00:07:05]} {[%emt 00:00:08]} 19. Bb1
{[%clk 00:07:11]} {[%emt 00:00:35]} dxc4 {[%clk 00:06:27]} {[%emt 00:00:48]} 20.
Rxc4 {[%clk 00:06:49]} {[%emt 00:00:32]} Qxd1 {[%clk 00:06:24]} {[%emt
00:00:13]} 21. Rxd1 {[%clk 00:06:57]} {[%emt 00:00:02]} Nxb3 {[%clk 00:06:20]}
{[%emt 00:00:15]} 22. Rd7 {[%clk 00:06:45]} {[%emt 00:00:21]} Rcd8 {[%clk
00:06:20]} {[%emt 00:00:10]} 23. Rxd8 {[%clk 00:06:29]} {[%emt 00:00:26]} Rxd8
{[%clk 00:06:28]} {[%emt 00:00:02]} 24. Bc2 {[%clk 00:06:16]} {[%emt 00:00:22]}
Nbd4 {[%clk 00:03:47]} {[%emt 00:02:52]} 25. Bxd4 {[%clk 00:05:19]} {[%emt
00:01:06]} Nxd4 {[%clk 00:03:54]} {[%emt 00:00:03]} 26. Be4 {[%clk 00:03:12]}
{[%emt 00:02:18]} b5 {[%clk 00:02:39]} {[%emt 00:01:25]} 27. Rc7 {[%clk
00:02:35]} {[%emt 00:00:47]} Nc6 {[%clk 00:02:06]} {[%emt 00:00:43]} 28. f4
{[%clk 00:02:25]} {[%emt 00:00:19]} Nd4 {[%clk 00:01:21]} {[%emt 00:00:56]} 29.
Kf2 {[%clk 00:02:13]} {[%emt 00:00:21]} Nb3 {[%clk 00:00:56]} {[%emt 00:00:35]}
30. Ke3 {[%clk 00:01:19]} {[%emt 00:01:05]} g6 {[%clk 00:00:24]} {[%emt
00:00:42]} 31. g4 {[%clk 00:00:58]} {[%emt 00:00:30]} {Black lost on time} 1-0

[Event "British Rapidplay Championship 2023"]
[Site "Mercure Bradford, Bankfield Hotel"]
[Date "2023.04.16"]
[Round "7.8"]
[White "Bramson, Mike"]
[Black "Bennett, Eric"]
[Result "1-0"]
[TimeControl "All moves in 15 minutes plus 10 second increment per move from move 1"]
[WhiteElo "1950"]
[BlackElo "1730"]

1. e4 {[%clk 00:15:17]} {[%emt 00:00:02]} d5 {[%clk 00:15:19]} {[%emt
00:00:02]} 2. d4 {[%clk 00:15:21]} {[%emt 00:00:06]} dxe4 {[%clk 00:15:26]}
{[%emt 00:00:02]} 3. Nc3 {[%clk 00:15:29]} {[%emt 00:00:02]} e5 {[%clk
00:15:34]} {[%emt 00:00:02]} 4. Be3 {[%clk 00:15:09]} {[%emt 00:00:30]} exd4
{[%clk 00:15:21]} {[%emt 00:00:24]} 5. Bxd4 {[%clk 00:15:16]} {[%emt 00:00:03]}
Nf6 {[%clk 00:15:21]} {[%emt 00:00:09]} 6. Bc4 {[%clk 00:15:14]} {[%emt
00:00:12]} Bf5 {[%clk 00:15:07]} {[%emt 00:00:24]} 7. f3 {[%clk 00:14:59]}
{[%emt 00:00:25]} Bb4 {[%clk 00:14:47]} {[%emt 00:00:30]} 8. fxe4 {[%clk
00:13:59]} {[%emt 00:01:10]} Bxe4 {[%clk 00:14:48]} {[%emt 00:00:09]} 9. Nf3
{[%clk 00:13:25]} {[%emt 00:00:45]} Nc6 {[%clk 00:14:36]} {[%emt 00:00:22]} 10.
Bxf6 {[%clk 00:13:20]} {[%emt 00:00:14]} Qxf6 {[%clk 00:14:42]} {[%emt
00:00:04]} 11. O-O {[%clk 00:13:23]} {[%emt 00:00:08]} O-O {[%clk 00:14:25]}
{[%emt 00:00:26]} 12. Nxe4 {[%clk 00:13:26]} {[%emt 00:00:07]} Qxb2 {[%clk
00:14:25]} {[%emt 00:00:11]} 13. Rb1 {[%clk 00:13:13]} {[%emt 00:00:23]} Qa3
{[%clk 00:14:29]} {[%emt 00:00:06]} 14. Nfg5 {[%emt 00:00:59]} Qe3+ {[%clk
00:14:28]} 15. Kh1 {[%clk 00:12:40]} {[%emt 00:00:04]} h6 {[%clk 00:14:36]}
{[%emt 00:00:02]} 16. Rb3 {[%clk 00:12:29]} {[%emt 00:00:21]} Qxb3 {[%clk
00:14:04]} {[%emt 00:00:42]} 17. axb3 {[%clk 00:12:32]} {[%emt 00:00:07]} hxg5
{[%clk 00:14:11]} {[%emt 00:00:03]} 18. Nxg5 {[%clk 00:12:31]} {[%emt
00:00:11]} Ne5 {[%clk 00:14:17]} {[%emt 00:00:04]} 19. Qh5 {[%clk 00:12:32]}
{[%emt 00:00:26]} 1-0